[Event "Floripa Chess Open 2024"]
[Site "Florianopolis"]
[Date "2024.01.22"]
[Round "4.98"]
[White "Garmendia Vega, Gabriel"]
[Black "Moro, Antonio Renato Pere"]
[Result "1/2-1/2"]
[WhiteElo "1937"]
[BlackElo "1667"]
[PlyCount "97"]
[EventDate "2024.01.20"]
[EventRounds "10"]
[EventCountry "BRA"]

1. e4 {CB} e5 2. Nf3 Nc6 3. Bb5 Nf6 4. d3 d6 5. c3 Be7 6. O-O O-O 7. Re1 Nb8 ({
RR} 7... Re8 8. Nbd2 Bd7 9. Ba4 Bf8 10. Nf1 Ne7 11. Bc2 Ng6 12. Ng3 c6 ({RR} 
12... d5 13. Bg5 dxe4 14. dxe4 Bg4 15. h3 Qxd1 16. Bxd1 Be6 17. Bxf6 gxf6 18.
Nh5 Be7 19. Bb3 a5 20. Rad1 Red8 21. Nh2 Rxd1 22. Rxd1 Rd8 23. Rxd8+ Bxd8 24.
Ng4 Bxg4 25. hxg4 Nf4 26. Nxf4 exf4) 13. d4 h6 14. h3 Qc7 15. Be3 Rad8 16. a4 (
{RR} 16. Qd2) 16... Be6 ({RR} 16... d5) 17. a5 b6 ({RR} 17... Bc4) ({RR} 17...
Nf4) 18. axb6 axb6 19. Bd3 b5 20. Qc2 Ra8 21. b4 Nd7 ({RR} 21... Nf4 22. Bf1
Red8) 22. Nd2 {Dominguez Perez,L (2713)-Aronian,L (2783) Leon 2010 CBM 136
Extra [CB] 1/2-1/2 (50)}) 8. d4 ({RR} 8. Nbd2 a6 9. Ba4 b5 10. Bc2 Nbd7 11. Nf1
c5 12. Ng3 g6 13. d4 Re8 14. h3 Bf8 15. Bg5 Bg7 16. Qd2 Qc7 17. a4 Bb7 18. d5
Nb6 19. b3 c4 20. a5 Nbd7 21. b4 Kh8 22. Nh2 Ng8 {Mkrtchian,L (2388)-Mendoza,S
(2158) chess.com INT 2021 1-0 (72)}) 8... Bg4 $146 ({RR} 8... c6 9. Bd3 Qc7 10.
Nbd2 Re8 11. Nf1 Nbd7 12. Ng3 Nf8 13. Nh4 Ng6 14. Nhf5 Nf4 15. Nxe7+ Rxe7 16.
Bxf4 exf4 17. Nh5 Nxh5 18. Qxh5 Bd7 19. Qh4 Rae8 20. Qxf4 f5 21. Re3 fxe4 22.
Bxe4 Be6 23. Rae1 {Popovic,P (2525)-Strauss,A (2270) Vienna 1998 1-0}) ({RR} 
8... c6 9. Ba4 b5 10. Bc2 Qc7 11. a4 a5 12. Bg5 Re8 13. Nbd2 Nbd7 14. Nf1 g6
15. Ng3 Bf8 16. Qe2 Ba6 17. Bd3 Bg7 18. h3 Reb8 19. Nh2 Qb7 20. f4 bxa4 21.
Rxa4 Bxd3 22. Qxd3 Qb3 23. Bxf6 {Spiegel,S (2280)-Hartmann,W (2275) Ingelheim
1991 1-0 (37)}) 9. h3 Bxf3 10. Qxf3 c6 11. Bd3 Nbd7 12. Nd2 Re8 13. Nf1 Qb6 14.
Be3 Qxb2 15. Rec1 Bf8 16. Nd2 Qa3 17. Nc4 Qa4 18. dxe5 dxe5 19. Bg5 b5 20. Ne3
Qa3 21. Nf5 Re6 22. Bc2 c5 23. Rd1 c4 24. Rd2 h6 25. Bxf6 Nxf6 26. Rad1 Rc8 27.
Rd8 Rxd8 28. Rxd8 Qc1+ 29. Bd1 Re8 30. Rxe8 Nxe8 31. Kh2 Qd2 32. a4 a6 33. axb5
axb5 34. Be2 Nd6 35. Nxd6 Bxd6 36. Qe3 Qxe3 37. fxe3 Bc5 38. Bg4 b4 39. cxb4 c3
40. Bd1 Bxe3 41. Kg3 Kf8 42. Kf3 Bd4 43. Ke2 Ke7 44. Kd3 Kd6 45. Bb3 Kc6 46.
Ba4+ Kd6 47. Bb3 Ke7 48. Kc4 Kd6 49. Kd3 1/2-1/2

[Event "Floripa Chess Open 2024"]
[Site "Florianopolis"]
[Date "2024.01.22"]
[Round "4.99"]
[White "Setti, Dalmarino"]
[Black "Lucci, Bruno Wendorff"]
[Result "0-1"]
[WhiteElo "1664"]
[BlackElo "1931"]
[PlyCount "65"]
[EventDate "2024.01.20"]
[EventRounds "10"]
[EventCountry "BRA"]

1. e4 c5 2. c4 Nc6 3. Nc3 g6 4. g3 Bg7 5. Bg2 d6 6. Nge2 Nf6 7. O-O O-O 8. d3
a6 9. h3 Rb8 10. d4 ({RR} 10. Be3 b5 11. cxb5 axb5 12. d4 b4 13. Nd5 Nd7 14.
dxc5 dxc5 15. Qa4 Nce5 16. Bf4 e6 17. Ne3 g5 18. Bxe5 Nxe5 19. Rad1 Qb6 20. Qc2
Ba6 21. b3 Rfc8 22. Nc4 Nxc4 23. bxc4 b3 24. axb3 Qxb3 {Gonzales,J (2524)-Wan,
Y (2471) Manila 2008 1/2-1/2 (37)}) ({RR} 10. Be3 b5 11. Qd2 Bd7 12. f4 Ne8 13.
e5 dxe5 14. Bxc5 Nc7 15. cxb5 axb5 16. Rac1 Ne6 17. Be3 Ncd4 18. Nd5 Nxe2+ 19.
Qxe2 exf4 20. Nxf4 Nxf4 21. Bxf4 Qb6+ 22. Kh2 {1/2-1/2 (22) Jedlicka,L (2081)
-Cely,J (2124) Czechia 2009}) 10... cxd4 11. Nxd4 Nxe4 $146 ({RR} 11... Qc7 12.
Nxc6 bxc6 13. Rb1 Nd7 14. Bd2 e5 15. Bg5 Nc5 16. Qd2 Ne6 17. Bh6 Bxh6 18. Qxh6
Nd4 19. b3 Qa5 20. Rbc1 f5 21. f4 fxe4 22. fxe5 Nf3+ 23. Bxf3 Qc5+ 24. Rf2 exf3
25. exd6 Qxd6 26. Kh2 {Tuominen,M-Hamalainen,S (2130) Finland 1996 0-1 (39)})
12. Nxc6 Nxc3 13. Nxe7+ Qxe7 14. bxc3 Bxc3 15. Rb1 b5 16. cxb5 axb5 17. Bf4 Be5
18. Re1 Qf6 19. Bh6 Rd8 20. Qc1 Bf5 21. Bg5 Qe6 22. Bxd8 Bxb1 23. Qxb1 Rxd8 24.
Qxb5 Qxa2 25. Bd5 Qa7 26. Kg2 Rb8 27. Qc4 Rb2 28. Re2 Rb1 29. Ra2 Qc5 30. Bxf7+
Kg7 31. Qe6 Qc6+ 32. Qd5 Qc1 33. Bg8 0-1

[Event "Floripa Chess Open 2024"]
[Site "Florianopolis"]
[Date "2024.01.22"]
[Round "4.100"]
[White "Bueno, Marcos Antonio Ferr"]
[Black "Silva, Adriano Da"]
[Result "0-1"]
[WhiteElo "1644"]
[BlackElo "1926"]
[PlyCount "82"]
[EventDate "2024.01.20"]
[EventRounds "10"]
[EventCountry "BRA"]

1. Nf3 Nf6 2. g3 d5 3. Bg2 c5 4. O-O Nc6 5. d3 e5 6. c3 Be7 7. Qc2 O-O 8. Nbd2
h6 9. e4 d4 10. Nc4 $146 ({RR} 10. a3 Be6 11. h3 Qd7 12. Kh2 Nh7 13. cxd4 Nxd4
14. Nxd4 cxd4 15. f4 f6 16. Nf3 Bd6 17. Nh4 Rac8 18. Qe2 Rfe8 19. f5 Bf7 20.
Qg4 Ng5 21. Rf2 Rc7 22. Bxg5 hxg5 23. Nf3 Rec8 24. Rd1 Qe8 {Reising,B (1766)
-Lichtinger,B (1883) Bayern 2016 0-1}) 10... Bd6 11. Nxd6 Qxd6 12. Nh4 Rd8 13.
c4 g5 14. Nf5 Bxf5 15. exf5 e4 16. a3 Ne5 17. f4 exf3 18. Bxf3 Nxf3+ 19. Rxf3
Re8 20. h4 Re1+ 21. Rf1 Qxg3+ 22. Qg2 Rxf1+ 23. Kxf1 Qxd3+ 24. Kg1 Re8 25. Bf4
Re2 26. Qg3 Qxg3+ 27. Bxg3 Ne4 28. Bb8 d3 29. Kf1 g4 30. Rd1 Re3 31. Kg2 d2 32.
Kf1 g3 33. Bxg3 Rxg3 34. Ke2 Rb3 35. f6 Rxb2 36. Ke3 Nxf6 37. Kd3 Ra2 38. Kc3
Ne4+ 39. Kb3 Rxa3+ 40. Kxa3 Nc3 41. Rg1+ Kf8 0-1

[Event "Floripa Chess Open 2024"]
[Site "Florianopolis"]
[Date "2024.01.22"]
[Round "4.101"]
[White "Da Rosa, Henrique Jaze Simoe"]
[Black "Pavoni, Felipe Stevanin"]
[Result "1-0"]
[WhiteElo "1917"]
[BlackElo "1662"]
[PlyCount "77"]
[EventDate "2024.01.20"]
[EventRounds "10"]
[EventCountry "BRA"]

1. Nf3 Nf6 2. c4 g6 3. g3 Bg7 4. Bg2 O-O 5. O-O d6 6. d4 Nbd7 7. Nc3 e5 8. e4
Re8 9. h3 exd4 10. Nxd4 Nc5 11. Re1 Ne6 12. Nc2 ({RR} 12. Be3 Nxd4 13. Bxd4 Be6
14. Qd3 Nd7 15. Bxg7 Kxg7 16. f4 Kg8 17. b3 Rb8 18. Qc2 f5 19. Rad1 fxe4 20.
Nxe4 Nf6 21. Ng5 Bf7 22. Qf2 a6 23. f5 gxf5 24. Nxf7 Kxf7 25. Qxf5 Rxe1+ 26.
Rxe1 c6 {Ivekovic,T (2117)-Meszaros,C (1931) Skalica SVK 2023 1-0 (49)}) 12...
c6 13. Rb1 $146 ({RR} 13. Be3 Qc7 14. Qd2 Nc5 15. Bf4 Bf8 16. Rad1 Be6 17. Bxd6
Bxd6 18. Qxd6 Qxd6 19. Rxd6 Red8 20. Red1 Rxd6 21. Rxd6 Ne8 22. Rd4 a5 23. f4
h5 24. Ne3 f6 25. Kf2 Bf7 26. Bf3 Nc7 27. Rd6 Kf8 {Malek,J (2339)-Harsh,S  
(2280) chess.com INT 2022 1-0 (71)}) ({RR} 13. Be3 Qc7 14. Qd2 b6 15. Rad1 Bf8
16. f4 Ba6 17. b3 Rad8 18. f5 Nc5 19. Bg5 Ncd7 20. Rf1 Be7 21. fxg6 fxg6 22.
Nd4 Rf8 23. Ne6 Qc8 24. Nxd8 Rxd8 25. h4 Rf8 26. Bh3 Qc7 27. Be6+ Kh8 {
Bollengier,A (2236)-Congiu,M (2318) Nimes 2014 1-0 (66)}) 13... a5 14. Be3 Qc7
15. Qd2 Rd8 16. f4 Nf8 17. Qf2 N6d7 18. Red1 b6 19. Nd4 Bb7 20. g4 Ne6 21. Nce2
Re8 22. g5 Nxd4 23. Bxd4 f6 24. Qg3 c5 25. Bxf6 Bxf6 26. gxf6 Bxe4 27. Bxe4
Rxe4 28. Nc3 Rd4 29. Nb5 Rxd1+ 30. Rxd1 Qc6 31. Rxd6 Qe4 32. Rxd7 Qb1+ 33. Kh2
Qf5 34. Rd6 Re8 35. Nc3 Qc2+ 36. Qg2 Qc1 37. Qd2 Qf1 38. Rd8 Kf7 39. Rxe8 1-0

[Event "Floripa Chess Open 2024"]
[Site "Florianopolis"]
[Date "2024.01.22"]
[Round "4.102"]
[White "Gomes, Marco Tulio Caldeir"]
[Black "Da Silva, Eduardo Batista Q"]
[Result "0-1"]
[WhiteElo "1637"]
[BlackElo "1905"]
[PlyCount "86"]
[EventDate "2024.01.20"]
[EventRounds "10"]
[EventCountry "BRA"]

1. c4 Nf6 2. Nc3 g6 3. e4 d6 4. g3 Bg7 5. Bg2 O-O 6. Nge2 Nc6 7. O-O e5 8. h3
Be6 9. d3 Qd7 10. Kh2 Rab8 ({RR} 10... Kh8 11. Rb1 a5 12. a3 Ng8 13. b4 axb4
14. axb4 Nge7 {1/2-1/2 (14) Saldano Dayer,H (2502)-Cori Tello,J (2496) Lima
2013}) ({RR} 10... Ne7 11. a3 a5 12. b3 b6 13. Rb1 c5 14. Nd5 Nexd5 15. cxd5
Rab8 16. dxe6 Qxe6 17. Bg5 b5 18. Bxf6 Bxf6 19. Nc3 b4 20. axb4 axb4 21. Nd5
Rfc8 22. h4 Kg7 23. Bh3 Qe8 24. Bxc8 Qxc8 25. Qf3 {De Souza,L (1568)-Cunha,P  
(1838) Florianópolis - Santa Catari 2023 1-0 (38)}) 11. f4 Ne8 $146 ({RR} 
11... Qe8 12. f5 Bd7 13. g4 h6 14. g5 hxg5 15. Bxg5 Nh7 16. Be3 gxf5 17. exf5
Nf6 18. Ng3 b6 19. Nh5 Nxh5 20. Qxh5 f6 21. Bd5+ Rf7 22. Bh6 Bxh6 23. Qxh6 Qe7
24. Rg1# {1-0 (24) Rick,U (2107)-Schomann,M (1668) Reinstorf GER 2022}) 12. g4
f5 13. exf5 gxf5 14. g5 Ne7 15. Be3 a6 16. a4 Ng6 17. Qd2 Qd8 18. Nd5 c6 19.
Bb6 Qc8 20. Rac1 Bf7 21. Ndc3 Nc7 22. Be3 Be8 23. Kg3 Ne6 24. Nd5 Qd8 25. Bb6
exf4+ 26. Kh2 Qxg5 27. Ndxf4 Nexf4 28. Nxf4 Nxf4 29. Be3 Qxg2+ 30. Qxg2 Nxg2
31. Kxg2 c5 32. b3 Kh8 33. Bf4 Be5 34. Rce1 Bc6+ 35. Kh2 Bxf4+ 36. Rxf4 Rg8 37.
Re2 Rbe8 38. Ref2 Re3 39. d4 cxd4 40. Rxd4 Reg3 41. Rdd2 Rxb3 42. Rxd6 Rbg3 43.
Rdd2 f4 0-1

[Event "Floripa Chess Open 2024"]
[Site "Florianopolis"]
[Date "2024.01.22"]
[Round "4.103"]
[White "Silva, Henrique Brasil Bar"]
[Black "Boeck, Moacir Luis"]
[Result "1/2-1/2"]
[WhiteElo "1590"]
[BlackElo "1900"]
[PlyCount "133"]
[EventDate "2024.01.20"]
[EventRounds "10"]
[EventCountry "BRA"]

1. e4 c5 2. Nf3 d6 3. Bb5+ Bd7 4. Bxd7+ Qxd7 5. Nc3 Nc6 6. d3 ({RR} 6. d4 cxd4
7. Nxd4 e6 8. b3 Be7 9. Bb2 Nf6 10. Qd2 O-O-O 11. O-O-O d5 12. Qe2 Bc5 13. Nxc6
Qxc6 14. exd5 Nxd5 15. Nxd5 Rxd5 16. f3 f6 17. Rxd5 Qxd5 18. Rd1 Qc6 19. a4 Kb8
20. Kb1 e5 {Carlsen,M (2855)-Vachier-Lagrave,M (2763) chess24.com INT 2021 1-0}
) 6... g6 ({RR} 6... Nf6 7. Bg5 h6 8. Bxf6 gxf6 9. d4 cxd4 10. Nxd4 Rg8 11. Rg1
Bg7 12. Nxc6 bxc6 13. Qh5 Qb7 14. Na4 Qb4+ 15. Nc3 Qxb2 16. Qf3 Qxa1+ 17. Ke2
Qxg1 18. Nd1 Qxh2 19. g3 Qh3 20. Ne3 Qe6 21. e5 {Xu,R-Cao,Y Qiziwan CHN 2023
0-1 (44)}) 7. O-O Bg7 8. h3 e6 $146 ({RR} 8... Nf6 9. Nh2 O-O 10. f4 Rac8 11.
a3 c4 12. Bd2 cxd3 13. cxd3 b5 14. Ne2 Qb7 15. Qb3 Nd7 16. Bc3 Qb6+ 17. Kh1 Qe3
18. Qd1 Bxc3 19. Nxc3 Nf6 20. Rf3 Qb6 21. Rg3 Kh8 22. Rg5 a6 23. Ng4 {Manic,
M-Shah,R (2084) Sarajevo BIH 2018 0-1 (43)}) 9. Re1 Nge7 10. Bd2 O-O 11. Qc1
Nd4 12. Nxd4 cxd4 13. Ne2 d5 14. exd5 Nxd5 15. Bh6 Rac8 16. Bxg7 Kxg7 17. Nxd4
Nb4 18. Qe3 Nxc2 19. Nxc2 Rxc2 20. Qe5+ Kg8 21. Re3 Rfc8 22. Rd1 Qa4 23. Ra1
R2c5 24. Qe4 Qb5 25. Re2 Rd5 26. Rd2 Qa5 27. b4 Qa3 28. Kh2 Rcd8 29. Rc2 Qxd3
30. Qxd3 Rxd3 31. Re1 R8d4 32. Rb2 Kg7 33. g3 Rd2 34. Reb1 b5 35. Kg2 e5 36.
Rxd2 Rxd2 37. a4 a6 38. a5 e4 39. Re1 Rd4 40. Rc1 Rxb4 41. Rc6 Rb2 42. Kf1 b4
43. Rxa6 b3 44. Rb6 Rb1+ 45. Kg2 b2 46. h4 h5 47. a6 Ra1 48. Rxb2 Rxa6 49. Re2
Re6 50. Re3 f5 51. Ra3 Kf6 52. Ra5 Rd6 53. Ra2 Re6 54. Ra5 e3 55. fxe3 Rxe3 56.
Ra6+ Re6 57. Ra5 Re4 58. Ra6+ Kg7 59. Ra7+ Kh6 60. Ra6 Rg4 61. Kh3 Re4 62. Rb6
Re3 63. Kg2 Kg7 64. Kf2 Re7 65. Kf3 Kf7 66. Ra6 Rb7 67. Rc6 1/2-1/2

[Event "Floripa Chess Open 2024"]
[Site "Florianopolis"]
[Date "2024.01.22"]
[Round "4.104"]
[White "Peixoto, Rudson Marinho"]
[Black "Bonilla Viamonte, Diego Armando"]
[Result "0-1"]
[WhiteElo "1895"]
[BlackElo "1620"]
[PlyCount "94"]
[EventDate "2024.01.20"]
[EventRounds "10"]
[EventCountry "BRA"]

1. d4 d5 2. c4 e6 3. Nf3 Nf6 4. e3 Be7 5. Be2 Nbd7 6. Nbd2 O-O 7. O-O b6 8. b3
Bb7 9. Bb2 Rc8 $146 ({RR} 9... c6 10. Bd3 h6 11. Qe2 c5 12. Rac1 Ne4 13. Ne1 f5
14. Nb1 Ndf6 15. f3 Nd6 16. Nd2 Rc8 17. Ba3 Nf7 18. Bb2 Qd7 19. Nc2 Rfe8 20.
Rfd1 Bd6 21. Nf1 g6 22. dxc5 Be5 23. Bxe5 Nxe5 24. cxd5 {Stumpf,H (1822)-Hauck,
J (1839) Bayern 2012 1-0 (55)}) 10. cxd5 exd5 11. Rc1 Bd6 12. Re1 Re8 13. Bb5
c6 14. Bd3 Ne4 15. Qe2 b5 16. a3 a6 17. Nf1 f5 18. N3d2 Re6 19. f3 Nxd2 20.
Qxd2 Qg5 21. f4 Qf6 22. Qc2 g6 23. Qf2 Rce8 24. Rc2 Qe7 25. b4 a5 26. Rc5 Nxc5
27. dxc5 Bc7 28. Qg3 Qf7 29. Nd2 axb4 30. axb4 Bd8 31. Nb3 Bf6 32. Nd4 Bxd4 33.
Bxd4 Ra8 34. Qh4 Qe7 35. Qg3 Qf7 36. h4 Ra4 37. Rb1 Ra3 38. Be2 Re4 39. Rd1 Qe7
40. Kf2 Ra2 41. h5 g5 42. Kf1 Rxf4+ 43. Bf3 Rh4 44. Kg1 g4 45. Qb8+ Kf7 46.
Bxd5+ cxd5 47. Qh8 Rxg2+ 0-1

[Event "Floripa Chess Open 2024"]
[Site "Florianopolis"]
[Date "2024.01.22"]
[Round "4.105"]
[White "Barbosa, Kassio Rodrigo"]
[Black "Do Carmo, Gabriel Carckeno"]
[Result "0-1"]
[WhiteElo "1548"]
[BlackElo "1869"]
[PlyCount "90"]
[EventDate "2024.01.20"]
[EventRounds "10"]
[EventCountry "BRA"]

1. e4 e6 2. d3 d5 3. Qe2 Nf6 4. Nf3 Be7 5. g3 c5 6. Bg2 Nc6 7. O-O O-O 8. Bf4
b5 9. a4 $146 ({RR} 9. e5 Ne8 10. h4 Nc7 11. Nbd2 a5 12. Rfe1 b4 13. Nf1 a4 14.
Ng5 {1/2-1/2 (14) Martorelli,A (2243)-Laketic,G (2451) Positano 2008}) ({RR} 9.
e5 Nd7 10. h4 a5 11. Nbd2 b4 12. Rfe1 Ba6 13. b3 a4 14. g4 Bb5 15. g5 Qa5 16.
Rac1 axb3 17. axb3 Rfc8 18. h5 Nf8 19. Qd1 Qc7 20. Nh2 Ra2 21. Ng4 Nd4 22. Bh3
Nd7 23. Nf3 Qd8 {Fridman,R (2486)-Khenkin,I (2574) Germany 2014 0-1 (56)}) ({RR
} 9. Ne5 Bb7 10. Nxc6 Bxc6 11. Nc3 d4 12. Nd1 c4 13. Bd2 Rc8 14. f4 cxd3 15.
cxd3 Bb7 16. Nf2 Rc2 17. Rfc1 Qc7 18. Qe1 Rc8 19. e5 Nd5 20. Bxd5 exd5 21. e6
f5 22. Rxc2 Qxc2 23. Bb4 Bxb4 {Salinas Herrera,P (2526)-Chasin,N (2285)
Philadelphia USA 2022 1-0 (84)}) 9... bxa4 10. Rxa4 a5 11. Nbd2 Ba6 12. b3 Nb4
13. c4 Re8 14. exd5 exd5 15. Ne5 Bd6 16. Ndf3 Qc7 17. Re1 Nd7 18. Qd2 Nxe5 19.
Nxe5 Bxe5 20. Bxd5 Nxd5 21. cxd5 Bxf4 22. Rxe8+ Rxe8 23. Qxf4 Qxf4 24. gxf4 Bb7
25. Rxa5 Bxd5 26. Kf1 Bxb3 27. Rxc5 h6 28. Kg2 Rd8 29. Rc3 Be6 30. h4 Bf5 31.
d4 Rxd4 32. Re3 Rxf4 33. Kg3 Rg4+ 34. Kh3 Re4+ 35. Kg3 Rxe3+ 36. fxe3 g5 37.
hxg5 hxg5 38. Kf3 Kg7 39. e4 Be6 40. Ke3 Kf6 41. Kd4 g4 42. Kd3 g3 43. Ke3 g2
44. Kf2 Bh3 45. Kg1 Ke5 0-1

[Event "Floripa Chess Open 2024"]
[Site "Florianopolis"]
[Date "2024.01.22"]
[Round "4.106"]
[White "Felizes, Paulo"]
[Black "De Oliveira, Gualter Amelio"]
[Result "1-0"]
[WhiteElo "1855"]
[BlackElo "1585"]
[PlyCount "37"]
[EventDate "2024.01.20"]
[EventRounds "10"]
[EventCountry "BRA"]

1. d4 d5 2. Bg5 Nd7 3. c4 c6 4. cxd5 cxd5 5. Nc3 Ngf6 6. Nf3 ({RR} 6. Qa4 e6 7.
Bxf6 gxf6 8. e4 Bh6 9. exd5 O-O 10. dxe6 Nb6 11. Qc2 Qxd4 12. Bd3 fxe6 13.
Bxh7+ Kh8 14. Nf3 Qg4 15. Qg6 Qxg6 16. Bxg6 Rg8 17. Bd3 Rxg2 18. Ke2 Nd5 19.
Nxd5 exd5 20. Rag1 Bg4 {Hodgson,J (2535)-Arakhamia Grant,K (2405) Palma de
Mallorca 1989 1-0 (34)}) ({RR} 6. e3 h6 7. Bh4 e6 8. Bd3 Be7 9. f4 a6 10. Nf3
b5 11. O-O Bb7 12. Ne5 Ne4 13. Bxe7 Qxe7 14. Bxe4 dxe4 15. f5 Nxe5 16. dxe5
exf5 17. Rxf5 O-O 18. Qb3 Bc8 19. Rf4 Qxe5 20. Rxe4 Qg5 {Hoffmann,A (2185)
-Santos Flores,A (2164) chess.com INT 2023 0-1 (33)}) 6... h6 $146 ({RR} 6...
g6 7. Qb3 Qa5 8. Bd2 Bg7 9. e3 O-O 10. Bd3 Qb6 11. Ke2 e6 12. Rhc1 a6 13. Na4
Qxb3 14. axb3 Re8 15. b4 Ne4 16. Nc5 Nxd2 17. Kxd2 Bf8 18. Kc3 e5 19. Bb5 exd4+
20. exd4 Rd8 21. Bxd7 {Mashinskaya,I (2205)-Khusnutdinova,L (2301) St
Petersburg 2003 1-0 (36)}) ({RR} 6... Qa5 7. Bd2 e6 8. Rc1 a6 9. e4 Qd8 10. e5
Ne4 11. Nxe4 dxe4 12. Ng5 Be7 13. Nxe4 O-O 14. Bc4 b5 15. Bb3 Bb7 16. Qg4 Bxe4
17. Qxe4 a5 18. Bc2 g6 19. Bd3 b4 20. Bh6 Re8 21. Bb5 {Hodgson,J (2596)-Bass,J
(2037) Frome 2001 1-0}) 7. Bf4 a6 8. e3 e6 9. Bd3 Qa5 10. O-O g5 11. Bg3 b5 12.
Rc1 Nh5 13. e4 b4 14. Nxd5 Nxg3 15. Nc7+ Kd8 16. Nxa8 Nxf1 17. Ne5 Nxe5 18.
dxe5 Nxh2 19. Bb5+ 1-0

[Event "Floripa Chess Open 2024"]
[Site "Florianopolis"]
[Date "2024.01.22"]
[Round "4.107"]
[White "Da Costa, Mariana Nara Santan"]
[Black "Dias, Marcelo De Souza"]
[Result "1-0"]
[WhiteElo "1544"]
[BlackElo "1854"]
[PlyCount "83"]
[EventDate "2024.01.20"]
[EventRounds "10"]
[EventCountry "BRA"]

1. d4 {Bulletin} d5 2. c4 c6 3. Nc3 Nf6 4. Bg5 Nbd7 5. e3 Qb6 ({RR} 5... Qa5 6.
Nf3 Ne4 7. cxd5 cxd5 8. Bd3 f6 9. Bh4 Nxc3 10. bxc3 Qxc3+ 11. Kf1 g6 12. Bg3
Bg7 13. h4 O-O 14. h5 g5 15. h6 Bh8 16. Rc1 Qb2 17. Nxg5 fxg5 18. Bxh7+ Kf7 ({
RR} 18... Kxh7 19. Qd3+ Kg8 20. Qg6+) 19. Qh5+ Ke6 20. Qg6+ {Legky,N (2530)
-Kosten,A (2535) Reunion 1997 EXT 1998 [Bulletin] 1-0 RR} Nf6 21. Qf5+ Kf7 22.
Bg6+ Kg8 23. Rxc8 Qa1+ ({RR} 23... Raxc8 24. Qe6+ Rf7 25. Qxf7#) 24. Ke2 Qxa2+
25. Kd1 Qa4+ 26. Rc2 Qa1+ 27. Rc1 Qa4+ 28. Ke1 Qa5+ 29. Kf1 Qa6+ 30. Kg1) 6.
Qb3 $146 ({RR} 6. Qc2 e6 7. Bd3 dxc4 8. Bxc4 Bd6 9. Nf3 h6 10. Bh4 Qc7 11. Rc1
b6 12. Bd3 a6 13. Ne4 Bb7 14. Nxd6+ Qxd6 15. Bg3 Qb4+ 16. Nd2 c5 17. a3 Qa5 18.
O-O cxd4 19. Nc4 Qd5 20. e4 Qc6 {Lonnoy,R (1980)-Dernoncourt,C La Fere 2007 1-0
}) ({RR} 6. Qc2 e6 7. Nf3 Bb4 8. Nd2 Bxc3 9. bxc3 O-O 10. Bd3 g6 11. f3 Ne8 12.
Be7 Ng7 13. Bxf8 Nxf8 14. e4 Qd8 15. O-O dxe4 16. fxe4 f5 17. exf5 exf5 18. Qb3
Qg5 19. Rf2 h5 20. Re1 a5 {De Francisco y de Diego,F (2019)-Losada Gallego,J 
(1716) Ourense 2008 1-0 (31)}) 6... e6 7. c5 Qxb3 8. axb3 e5 9. Nf3 e4 10. Nd2
h6 11. Bh4 g5 12. Bg3 Nh5 13. b4 Nxg3 14. hxg3 Bg7 15. b5 Nf6 16. b6 a6 17. b4
Bd7 18. b5 cxb5 19. Nxb5 Ke7 20. Nd6 Rab8 21. Nb3 Ne8 22. Nxe8 Rhxe8 23. Na5
Kf8 24. Be2 f5 25. Kd2 f4 26. gxf4 gxf4 27. Rhb1 Re6 28. Bg4 Re7 29. Bxd7 Rxd7
30. Nxb7 Rdxb7 31. c6 fxe3+ 32. fxe3 Rxb6 33. Rxb6 Rxb6 34. c7 Rc6 35. Rc1 Rxc7
36. Rxc7 Bf6 37. Rd7 Ke8 38. Rxd5 Ke7 39. Ra5 Ke6 40. Rxa6+ Kf5 41. Rxf6+ Kxf6
42. Kc3 1-0

[Event "Floripa Chess Open 2024"]
[Site "Florianopolis"]
[Date "2024.01.22"]
[Round "4.108"]
[White "Moyses Sobrinho, Elias"]
[Black "Bashtavenko, Aleksey"]
[Result "1-0"]
[WhiteElo "1844"]
[BlackElo "1553"]
[PlyCount "46"]
[EventDate "2024.01.20"]
[EventRounds "10"]
[EventCountry "BRA"]

1. d4 Nf6 2. c4 e6 3. Nf3 b6 4. e3 Ba6 5. b3 ({RR} 5. Qc2 Bb4+ 6. Bd2 Bxd2+ 7.
Nbxd2 d5 8. Be2 O-O 9. O-O Nbd7 10. Rfe1 c5 11. e4 dxe4 12. Nxe4 Nxe4 13. Qxe4
Nf6 14. Qe3 {1/2-1/2 (14) Voiteanu,G (2155)-Biyiksiz,A (1994) Vrnjacka Banja
SRB 2023}) 5... Bb7 6. Be2 Bb4+ 7. Bd2 Qe7 $146 ({RR} 7... a5 8. O-O O-O 9. Nc3
d6 10. Qc2 Nbd7 11. Rad1 Bxc3 12. Bxc3 Be4 13. Qb2 {1/2-1/2 (13) Ricardi,P  
(2504)-Hellsten,J (2592) Buenos Aires 2006}) 8. O-O Bxd2 9. Nbxd2 O-O 10. Qc2
d6 11. e4 e5 12. d5 a5 13. Ne1 Nfd7 14. Nd3 Na6 15. a3 Nac5 16. Nxc5 Nxc5 17.
b4 Nd7 18. Nb3 a4 19. Nc1 b5 20. cxb5 Nb6 21. Nd3 Rab8 22. Rac1 Na8 23. Nb2 f5
1-0

[Event "Floripa Chess Open 2024"]
[Site "Florianopolis"]
[Date "2024.01.22"]
[Round "4.109"]
[White "Cardoso, Leandro Ubialli"]
[Black "Monteiro, Samuel Ramazzotte"]
[Result "1-0"]
[WhiteElo "1842"]
[BlackElo "1540"]
[PlyCount "45"]
[EventDate "2024.01.20"]
[EventRounds "10"]
[EventCountry "BRA"]

1. e4 c5 2. Nf3 e6 3. d4 cxd4 4. Nxd4 Nc6 5. Nc3 Qc7 6. a3 Nf6 7. Be3 ({RR} 7.
Be2 a6 8. f4 Nxd4 9. Qxd4 Bc5 10. Qd3 d5 11. exd5 exd5 12. Be3 Bf5 13. Qxf5
Bxe3 14. Qe5+ Qe7 15. Bf3 Bxf4 16. Qxe7+ Kxe7 17. Nxd5+ Nxd5 18. Bxd5 Be5 19.
O-O-O f6 20. Rd3 Rad8 {1/2-1/2 (20) Caruana,F (2835)-Mamedyarov,S (2764)
Karlsruhe GER 2020}) ({RR} 7. Nxc6 bxc6 8. Bd3 Be7 9. O-O O-O 10. f4 d5 11. e5
Nd7 12. Rf3 Rd8 13. Rh3 g6 14. Kh1 Bf8 15. Be3 Bg7 16. Bf2 a6 17. Bh4 Re8 18.
Bg5 c5 19. Qe1 Bb7 20. Bh6 Nf8 21. Qh4 c4 {Nagare Kaivalya Sandip (2217)
-Andreev,K (2167) chess.com INT 2023 1-0 (43)}) 7... Be7 8. f4 d5 $146 ({RR} 
8... d6 9. Qf3 Bd7 10. Bd3 a6 11. Nb3 Na5 12. Nxa5 Qxa5 13. O-O Bc6 14. Qg3 d5
15. e5 Nh5 16. Qf2 Qd8 17. Bb6 Qd7 18. g4 g6 19. gxh5 gxh5 20. Qd4 Bd8 21. Bxd8
Qxd8 22. Kh1 Rg8 23. Rg1 {Ciocaltea,V-Alexandrescu,G Bucharest 1963 1-0}) ({RR
} 8... d6 9. Qf3 Bd7 10. Bd3 a6 11. O-O O-O 12. Rae1 Nxd4 13. Bxd4 e5 14. Be3
exf4 15. Bxf4 Qb6+ 16. Kh1 Qxb2 17. e5 Bc6 18. Qh3 Bd7 19. Qf3 Bc6 20. Qe3 Nh5
21. exd6 Nxf4 22. Rxf4 Bg5 23. Qh3 {Nugaev,N (1868)-Busygina,A (2069) St
Petersburg 2007 1-0 (40)}) 9. e5 Nd7 10. Qg4 Nxd4 11. Bxd4 O-O 12. Bd3 f5 13.
exf6 Nxf6 14. Qf3 a6 15. O-O-O Bd6 16. g3 b5 17. Bxf6 Rxf6 18. Nxd5 exd5 19.
Qxd5+ Kf8 20. Qxa8 Kf7 21. Rhe1 b4 22. Qd5+ Kf8 23. Bc4 1-0